000
00312nam a2200121Ia 4500
008
191201s2017 xx 000 0 und d
100
_a
GUPTA, Neeti
245
0
_a
Principles of Production Management BBA 5th Semester
260
_a
N. Delhi
_b
Kalyani Pub
_c
2017
300
_a
257
650
_a
BBA
942
_2
ddc
_c
BK
999
_c
6702
_d
6702